|
|
|
|
| LEADER |
00000nab a2200000 a 4500 |
| 001 |
vtls008854433 |
| 003 |
SK-MaSNL |
| 005 |
20260304174742.0 |
| 008 |
140303c2006 xo wrzp 0 0slo |
| 015 |
|
|
|a SNBRB2006/10
|2 snkbucl
|
| 040 |
|
|
|a SNKBUCL
|b slo
|c SNKBUCL
|e AACR2
|
| 041 |
0 |
|
|a slo
|
| 044 |
|
|
|a xo
|c SK
|
| 080 |
|
|
|a 616.147.3-007.64-089
|2 1997
|
| 100 |
1 |
|
|a Žernovický, František
|4 aut
|9 1123998
|
| 245 |
1 |
0 |
|a Sklerotizačná liečba varixov
|c František Žernovický
|
| 300 |
|
|
|a Fotogr.
|
| 650 |
0 |
7 |
|a varixy
|2 snkbucl
|9 14076
|
| 650 |
0 |
7 |
|a sklerotizácia
|2 snkbucl
|9 25382
|
| 773 |
0 |
|
|t Zdravotnícke noviny
|g Roč. XI, č. 33 (2006)
|x 1335-4477
|
| 773 |
0 |
8 |
|t Lekárske listy
|g Č. 33 (2006), s. 29-30
|
| 852 |
|
|
|a SNK
|b KIS3GCP
|
| 958 |
|
|
|a ME
|
| 958 |
|
|
|a SK
|
| 999 |
|
|
|c 3010331
|d 3012261
|